000 01218nam a2200289Ia 4500
001 ebr10082172
003 CaPaEBR
006 m u
007 cr cn|||||||||
008 040107s2004 njua s 000 0 eng d
020 _z9812386149
020 _z9812386157 (pbk)
040 _aCaPaEBR
_cCaPaEBR
035 _a(OCoLC)70738393
050 1 4 _aQD461
_b.C748 2004eb
245 0 0 _aConformational proteomics of macromolecular architecture
_h[electronic resource] :
_bapproaching the structure of large molecular assemblies and their mechanisms of action /
_cR. Holland Cheng & Lena Hammar, editors.
260 _aNew Jersey ;
_aLondon :
_bWorld Scientific Publishing,
_c2004.
300 _axi, 420 p. :
_bill.
533 _aElectronic reproduction.
_bPalo Alto, Calif. :
_cebrary,
_d2009.
_nAvailable via World Wide Web.
_nAccess may be limited to ebrary affiliated libraries.
650 0 _aMolecular structure.
650 0 _aMacromolecules.
655 7 _aElectronic books.
_2local
700 1 _aCheng, R. Holland.
700 1 _aHammar, Lena.
710 2 _aebrary, Inc.
856 4 0 _uhttp://site.ebrary.com/lib/rucke/Doc?id=10082172
_zAn electronic book accessible through the World Wide Web; click to view
999 _c55298
_d55298